Who sang these songs about food and drink.... - Statistics

General Stats
  • This quiz has been taken 51 times
  • The average score is 6 of 15
Answer Stats
Hint Answer % Correct
Strawberry Fields Forever The Beatles
94%
Red Red Wine (Birmingham, UK based band) UB40
82%
American Pie (ditto) Don McClean
80%
Brown Sugar The Rolling Stones
72%
Raspberry Beret Prince
60%
Blueberry Hill (the orginal) Fats Domino
56%
Sugar Sugar The Archies
50%
Orange Crush REM
40%
I Want Candy Bow Wow Wow
32%
Green Onions Booker T and the MGs
26%
Milk and Alcohol Dr Feelgood
22%
Life is a Minestrone 10cc
12%
Peaches and Cream Snoop Dogg
6%
Some Candy Talking Jesus and Marychain
4%
Birthday Cake Rhianna
2%
No matching quizzes found
Score Distribution
Percent of People with Each Score
Percentile by Number Answered
Your Score History
You have not taken this quiz